[Event "ch-Frankfurt A"]
[White "Foerster-Yialamas, Lucas"]
[Black "Krause, Jonah"]
[Site "Frankfurt"]
[Result "1/2-1/2"]
[Round "6.1"]
[WhiteElo "2116"]
[BlackElo "2374"]
[PlyCount "300"]
[Date "2024.06.10"]
[Time "18:30:00"]
[WhiteTeam "Sabt Frankfurter TV 1860"]
[BlackTeam "FC ST.Pauli 1910 eV SAbt"]

1. e4 c5 2. Nf3 e6 3. d4 cxd4 4. Nxd4 Nc6 5. Nc3 Qc7 6. Be3 a6 7. Qf3 Nf6 8. O-O-O 
Ne5 9. Qg3 b5 10. f4 Neg4 11. Bg1 h5 12. e5 b4 13. Na4 Ne4  1/2-1/2

[Event "ch-Frankfurt A"]
[White "Neukirchner, Pascal"]
[Black "Casagrande, Thomas, Dr."]
[Site "Frankfurt"]
[Result "1-0"]
[Round "6.2"]
[WhiteElo "2230"]
[BlackElo "2015"]
[PlyCount "300"]
[Date "2024.06.10"]
[Time "18:30:00"]
[WhiteTeam "SK Gründau"]
[BlackTeam "Sabt Frankfurter TV 1860"]

1. Nf3 d5 2. g3 e6 3. Bg2 Nf6 4. O-O c5 5. d3 Nc6 6. Nbd2 Be7 7. e4 dxe4 8. dxe4 
e5 9. Qe2 Bg4 10. c3 O-O 11. Nc4 Qc7 12. Ne3 Bh5 13. Nd5 Qd6 14. Rd1 Rad8 15. h3 
h6 16. g4 Bg6 17. Nd2 Qb8 18. Nf1 Kh8 19. Ng3 Rd7 20. Be3 b6 21. Qb5 Qc8 22. Nxe7 
Nxe7 23. Rxd7 Qxd7 24. Qxd7 Nxd7 25. Rd1 Nb8 26. Nf5 Nec6 27. Kf1 Rd8 28. Rxd8+ 
Nxd8 29. Ne7 Kh7 30. Ke2 Nbc6 31. Nxg6 Kxg6 32. Kd3 Kf6 33. Kc4 Ke6 34. h4 Na5+ 
35. Kb5 Kd6 36. Bxc5+ Kc7 37. Be3 Ndb7 38. Kb4 Nd6 39. b3 Nc6+ 40. Ka3 Ne7 41. h5 
Ng8 42. f3 g6 43. hxg6 fxg6 44. Kb2 h5 45. gxh5 gxh5 46. Bg5 Nf7 47. Bh4 Kd6 48. 
Bh3 Ne7 49. Bf6 Ng6 50. c4 Nf4 51. Bc8 Nd3+ 52. Kc3 Ne1 53. f4 exf4 54. b4 f3 55. 
Bh3 Ng2 56. Kd4 h4 57. e5+ Nxe5 58. Bxe5+ Kc6 59. Bxg2 fxg2 60. Bh2  1-0

[Event "ch-Frankfurt A"]
[White "Engel, Manfred"]
[Black "Yalcin, Alparslan"]
[Site "Frankfurt"]
[Result "1-0"]
[Round "6.3"]
[WhiteElo "2234"]
[BlackElo "2107"]
[PlyCount "300"]
[Date "2024.06.10"]
[Time "18:30:00"]
[WhiteTeam "SC Frankfurt-West"]
[BlackTeam "SC Kitzingen von 1905"]

1. c4 e5 2. Nc3 Nf6 3. g3 Bb4 4. Bg2 O-O 5. e4 Bxc3 6. bxc3 c6 7. Ne2 d5 8. cxd5 
cxd5 9. exd5 Nxd5 10. Qb3 Nb6 11. O-O Bg4 12. f3 Be6 13. Qc2 Nc6 14. Ba3 Re8 15. 
Rfd1 Rc8 16. Bc5 Nc4 17. d3 Qa5 18. Bf2 Na3 19. Qb2 b6 20. f4 Bg4 21. Re1 Nb5 22. 
a4 Nd6 23. Bxc6 Rxc6 24. fxe5 Rxe5 25. Nd4 Rc8 26. Nb5 Rxe1+ 27. Rxe1 Nf5 28. Qb4 
Qxb4 29. cxb4 a5 30. bxa5 bxa5 31. d4 Bf3 32. h3 h5 33. g4 hxg4 34. hxg4 Bxg4 35. 
d5 Rd8 36. d6 Nxd6 37. Bb6 Rd7 38. Bxa5 Nc4 39. Bc3 f6 40. Re4 Rd1+ 41. Kf2 Ne5 
42. Bxe5 Bf5 43. Rf4 Bd7 44. Rd4 Rxd4 45. Bxd4 Kf7 46. Nc3 Bc6 47. a5 Ke6 48. a6 
g5 49. a7 f5 50. Nb5 Kd7 51. Bf6 g4 52. Be5 Kc8 53. Nd6+ Kc7 54. Nxf5+ Kb7 55. Bd4 
Bf3 56. Kg3 Be2 57. Nd6+ Ka8 58. Kf4 Bd1 59. Ke5 g3 60. Kf6 g2 61. Ke7 Bf3 62. Kd8 
g1Q 63. Bxg1 Bb7 64. Kc7 Ba6 65. Kb6 Bc8 66. Nb5 Bb7 67. Nc7#  1-0

[Event "ch-Frankfurt A"]
[White "Rondonuwu, Grover"]
[Black "Reschke, Thomas"]
[Site "Frankfurt"]
[Result "0-1"]
[Round "6.4"]
[WhiteElo "2015"]
[BlackElo "2103"]
[PlyCount "300"]
[Date "2024.06.10"]
[Time "18:30:00"]
[WhiteTeam "Sabt Frankfurter TV 1860"]
[BlackTeam "SC Frankfurt-West"]

1. d4 g6 2. Bf4 Bg7 3. Nc3 d6 4. Nf3 Nd7 5. Qd2 e5 6. Bg3 Nh6 7. e4 f6 8. Bc4 c6 
9. O-O-O Qe7 10. h4 Nb6 11. Bb3 Bg4 12. dxe5 dxe5 13. a4 Be6 14. Bxe6 Qxe6 15. Qd6 
Qxd6 16. Rxd6 Nf7 17. Rd3 Ke7 18. h5 g5 19. Nd2 Rhd8 20. f3 Rxd3 21. cxd3 Nd8 22. 
Bf2 Ne6 23. a5 Nd7 24. Kc2 Bf8 25. g4 Kf7 26. Ne2 Bc5 27. Bxc5 Ndxc5 28. b4 Na6 
29. Kc3 Nac7 30. Nc4 Rd8 31. Ra1 Nb5+ 32. Kd2 Ned4 33. Nxd4 Nxd4 34. Rf1 Ke6 35. 
Ne3 c5 36. Nd5 cxb4 37. Nxb4 Rc8 38. Ke3 Rc5 39. a6 Rb5 40. Nd5 Rb2 41. Rf2 Rxf2 
42. Kxf2 bxa6 43. Nc7+ Kd6 44. Nxa6 Nc2 45. Ke2 Kc6 46. Kd2 Nd4 47. Nb4+ Kd6 48. 
Nd5 Ke6 49. Ke3 a5 50. Nc3 Kd6 51. Nd5 Ke6 52. Nb6 Nb3 53. Ke2 h6 54. Ke3 Kd6 55. 
Ke2 Kc6 56. Nd5 a4 57. Kd1 Kc5 58. Kc2 Nd4+ 59. Kc3 Nxf3 60. Nxf6 Nh2 61. Nd7+ Kd6 
62. Nf6 Ke6 63. Nd5 Nxg4 64. Kb4 Nf2 65. Ne3 Nxd3+ 66. Kxa4 Nc5+ 67. Kb4 Nxe4 68. 
Ng4 Nf6  0-1

[Event "ch-Frankfurt A"]
[White "Döhne, Vincent"]
[Black "Rudolph, Peter"]
[Site "Frankfurt"]
[Result "0-1"]
[Round "6.6"]
[WhiteElo "1623"]
[BlackElo "2119"]
[PlyCount "300"]
[Date "2024.06.10"]
[Time "18:30:00"]
[WhiteTeam "SC 1979 Hattersheim"]
[BlackTeam "SK 1858 Gießen"]

1. d4 d5 2. Nf3 c5 3. c3 e6 4. Bf4 Nc6 5. e3 Bd7 6. Nbd2 Be7 7. Bd3 c4 8. Bc2 f5 
9. Ne5 Nf6 10. Ndf3 O-O 11. h3 b5 12. g4 Ne4 13. Nxc6 Bxc6 14. Ne5 Rc8 15. gxf5 
exf5 16. Rg1 Kh8 17. Bxe4 dxe4 18. a4 b4 19. Nxc6 Rxc6 20. Be5 Bf6 21. Bxf6 Qxf6 
22. cxb4 f4 23. Qd2 fxe3 24. Qxe3 Qe7 25. b5 Rcf6 26. Rg2 Rf3 27. Qd2 e3 28. Qe2 
Qb4+ 29. Kf1 Rxf2+  0-1

[Event "ch-Frankfurt A"]
[White "Noble, Fabian"]
[Black "Rabiya, Karim"]
[Site "Frankfurt"]
[Result "0-1"]
[Round "6.7"]
[WhiteElo "2060"]
[BlackElo "1841"]
[PlyCount "300"]
[Date "2024.06.10"]
[Time "18:30:00"]
[WhiteTeam "vereinslos"]
[BlackTeam "SK Niederbrechen 1948"]

1. d4 Nf6 2. Bf4 c5 3. e3 Qb6 4. Nc3 Qxb2 5. Na4 Qa3 6. Nxc5 Qc3+ 7. Ke2 b6 8. Nd3 
Nc6 9. f3 Nd5 10. Kf2 Nxd4 11. exd4 Qxd4+ 12. Kg3 g5 13. Bxg5 Rg8 14. h4 h6 15. 
Nh3 hxg5 16. hxg5 e6 17. f4 Bd6 18. Qc1 f6 19. Kg4 Bb7 20. Be2 Ne3+ 21. Kh5 Kf7 
22. Qb2 Rh8#  0-1

[Event "ch-Frankfurt A"]
[White "Biegel, Thomas"]
[Black "Gutacker, Stephan"]
[Site "Frankfurt"]
[Result "1/2-1/2"]
[Round "6.8"]
[WhiteElo "1974"]
[BlackElo "1932"]
[PlyCount "300"]
[Date "2024.06.10"]
[Time "18:30:00"]
[WhiteTeam "SVG Eppstein 1932"]
[BlackTeam "Sfr.1932 Kelkheim"]

1. c4 Nf6 2. Nc3 e6 3. Nf3 d5 4. cxd5 exd5 5. d4 c6 6. Bg5 Be7 7. Qc2 h6 8. Bf4 Nbd7 
9. e3 O-O 10. h3 Re8 11. Bd3 Nf8 12. O-O Ne6 13. Bg3 Bd6 14. Ne5 Qc7 15. Rac1 a6 
16. f4 Qe7 17. Bh4 g5 18. fxg5 hxg5 19. Bg3 Ng7 20. Rxf6 Qxf6 21. Bh7+ Kh8 22. Rf1 
Bxe5 23. Rxf6 Bxf6 24. Qf2 Nh5 25. Bd3 Kg7 26. Bd6 Be7 27. Be5+ f6 28. Bc7 Kh6 29. 
Na4 Be6 30. Nb6 Ra7 31. Bf5 Ng7 32. Bxe6 Nxe6 33. Bd6 Bd8 34. Nd7 Kg7 35. Qf5 Ra8 
36. Kf2 b5 37. Kf3 Ra7 38. Nc5  1/2-1/2

[Event "ch-Frankfurt A"]
[White "Dolidze, David"]
[Black "Zimmer, Gerald, Dr."]
[Site "Frankfurt"]
[Result "1/2-1/2"]
[Round "6.9"]
[WhiteElo "1593"]
[BlackElo "1944"]
[PlyCount "300"]
[Date "2024.06.10"]
[Time "18:30:00"]
[WhiteTeam "SC Eschborn 1974"]
[BlackTeam "SC Bergen-Enkheim 1922"]

1. e4 e6 2. d4 d5 3. e5 c5 4. c3 Nc6 5. Nf3 Qb6 6. a3 a5 7. Bd3 Bd7 8. Bc2 f5 9. 
O-O Be7 10. dxc5 Bxc5 11. Nbd2 Nh6 12. Nb3 Be7 13. Be3 Qc7 14. Re1 Nf7 15. Bd4 g6 
16. Nc1 Nxd4 17. cxd4 Rc8 18. Re2 Bb5 19. Bd3 Bxd3 20. Nxd3 O-O 21. Rc1 Qb6 22. 
Rec2 Rc6 23. Rxc6 bxc6 24. Qa4 Rc8 25. b4 axb4 26. axb4 Nd8 27. h3 Rb8 28. Ra1 Qb5 
29. Qxb5 Rxb5 30. Nd2 Kf7 31. Ra4 g5 32. g4 fxg4 33. hxg4 Kg6 34. Nb3 h5 35. gxh5+ 
Kxh5 36. Nbc5 Kg6 37. Kg2 Kf5 38. f3 g4 39. Kg3  1/2-1/2

[Event "ch-Frankfurt A"]
[White "McAdam, Mark, Dr."]
[Black "Diehl, Stefan"]
[Site "Frankfurt"]
[Result "1-0"]
[Round "6.11"]
[WhiteElo "1995"]
[BlackElo "1863"]
[PlyCount "300"]
[Date "2024.06.10"]
[Time "18:30:00"]
[WhiteTeam "SC Brett vorm Kopp Ffm"]
[BlackTeam "SC Eschborn 1974"]

1. d4 f5 2. Nc3 Nf6 3. Bg5 e6 4. e4 fxe4 5. Nxe4 Be7 6. Bxf6 Bxf6 7. Nf3 d6 8. Bd3 
Nc6 9. c3 a6 10. g4 d5 11. Nxf6+ gxf6 12. Qe2 Qe7 13. g5 fxg5 14. O-O-O Bd7 15. 
Rdg1 g4 16. Ne5 Qg5+ 17. Qd2 Qxd2+ 18. Kxd2 Nxe5 19. dxe5 h5 20. h3 gxh3 21. Rxh3 
O-O-O 22. Rg5 Rdf8 23. Ke3 Be8 24. Be2 Rhg8 25. Rxg8 Rxg8 26. Bxh5 Rh8 27. Bg4 Rxh3+ 
28. Bxh3 Kd7 29. b4 Ke7 30. Kd4 Bb5 31. Bg4 Bc4 32. a4 Bb3 33. a5 Bc4 34. f4 Bb3 
35. f5 exf5 36. Bxf5 Bc4 37. Kc5 Kd8 38. Be6 Ke7 39. Bc8 Bb3 40. Bxb7 Ke6 41. Bxa6 
Kxe5 42. Bb5  1-0

[Event "ch-Frankfurt A"]
[White "Gärtner, Peter"]
[Black "Rutsatz, Mario"]
[Site "Frankfurt"]
[Result "0-1"]
[Round "6.12"]
[WhiteElo "1764"]
[BlackElo "1948"]
[PlyCount "300"]
[Date "2024.06.10"]
[Time "18:30:00"]
[WhiteTeam "Sfr.Mainz 1928"]
[BlackTeam "SC 1961 König Nied"]

1. Nf3 c5 2. c4 Nf6 3. Nc3 Nc6 4. e3 g6 5. d3 Bg7 6. Be2 O-O 7. O-O d5 8. cxd5 Nxd5 
9. Nxd5 Qxd5 10. e4 Qd6 11. Rb1 Rd8 12. Be3 b6 13. a3 a5 14. Qd2 Ba6 15. Rfd1 Ra7 
16. Bh6 Rad7 17. Bxg7 Kxg7 18. Qc3+ Nd4 19. b4 axb4 20. axb4 f6 21. Nxd4 Qxd4 22. 
Qxd4 Rxd4 23. b5 Bc8 24. f3 Be6 25. Kf2 Ra8 26. Rb2 Ra5 27. g4 Bd7 28. Rdb1 e5 29. 
Ke3 Ra3 30. Rb3 Rxb3 31. Rxb3 Rb4 32. Rxb4 cxb4 33. d4 b3 34. dxe5 fxe5 35. Kd2 
Kf6 36. h4 Ke6 37. Kc3 Kd6 38. Kxb3 Kc5 39. h5 Bxb5 40. hxg6 hxg6 41. Bd1 g5 42. 
Kc3 Bc4 43. f4 exf4 44. Bf3 b5 45. Bd1 b4+ 46. Kd2 Kd4 47. Bc2 Be6  0-1

[Event "ch-Frankfurt A"]
[White "Bonnaire, Ulrich"]
[Black "Kulkovets, Roman"]
[Site "Frankfurt"]
[Result "1-0"]
[Round "6.13"]
[WhiteElo "2135"]
[BlackElo "1685"]
[PlyCount "300"]
[Date "2024.06.10"]
[Time "18:30:00"]
[WhiteTeam "SC Frankfurt-West"]
[BlackTeam "SAbt TuS Makkabi Ffm"]

1. e4 d6 2. d4 Nf6 3. Nc3 g6 4. f3 Bg7 5. Be3 O-O 6. Qd2 c6 7. O-O-O Nbd7 8. Bh6 
b5 9. h4 a5 10. h5 Ba6 11. hxg6 fxg6 12. Bxg7 Kxg7 13. Qh6+ Kg8 14. e5 Nh5 15. g4 
b4 16. gxh5 bxc3 17. hxg6 cxb2+ 18. Kb1  1-0

[Event "ch-Frankfurt A"]
[White "Ewers, Christian"]
[Black "Rotermund, Verena"]
[Site "Frankfurt"]
[Result "1-0"]
[Round "6.14"]
[WhiteElo "1820"]
[BlackElo "1765"]
[PlyCount "300"]
[Date "2024.06.10"]

1. e4 e6 2. d4 d5 3. Nd2 Nf6 4. e5 Nfd7 5. f4 c5 6. c3 Nc6 7. Ndf3 Qb6 8. Ne2 Be7 
9. g3 O-O 10. Bh3 Nd8 11. O-O f6 12. Kh1 cxd4 13. cxd4 Nf7 14. g4 fxe5 15. fxe5 
Qd8 16. g5 Nb6 17. Nf4 Bxg5 18. Nxe6 Bxe6 19. Bxe6 Bh4 20. Qd3 Qe7 21. Bf5 h6 22. 
Nxh4 Qxh4 23. Be6 Rae8 24. Qg6 Rxe6 25. Qxe6 Qe4+ 26. Kg1 Qxd4+ 27. Kg2 Qe4+ 28. 
Kg3 Qxe5+ 29. Qxe5 Nxe5 30. Rxf8+ Kxf8 31. Be3 Ned7 32. b3 Kf7 33. a4 a6 34. Rc1 
Ke6 35. Rc7 Ke5 36. a5 Ke4 37. Bxb6 Ne5 38. Re7 Kf5 39. Rxg7 Ke4 40. Re7  1-0

[Event "ch-Frankfurt A"]
[White "Brehme, Ralf-Peter"]
[Black "Leitzig, Reamonn Franky James"]
[Site "Frankfurt"]
[Result "1-0"]
[Round "6.15"]
[WhiteElo "1952"]
[BlackElo "1748"]
[PlyCount "300"]
[Date "2024.06.10"]
[Time "18:30:00"]
[WhiteTeam "Vorw.Orient Mainz"]
[BlackTeam "SV 1934 Ffm-Griesheim"]

1. f4 d5 2. Nf3 g6 3. g3 Bg7 4. Bg2 Nf6 5. O-O O-O 6. d3 c5 7. Qe1 d4 8. Na3 Nc6 
9. Bd2 Be6 10. h3 Rb8 11. c3 Qb6 12. Qc1 Rfe8 13. Nc2 Bd7 14. c4 e5 15. fxe5 Nh5 
16. Bf4 Qc7 17. e6 Nxf4 18. exf7+ Kxf7 19. Ng5+ Kg8 20. Rxf4 Rxe2 21. Bd5+ Kh8 22. 
Qf1 Rxc2 23. Nf7+ Kg8 24. Nd8+  1-0

[Event "ch-Frankfurt A"]
[White "Fröhlich-Dill, Astrid"]
[Black "Lopez Fuertes, Victor"]
[Site "Frankfurt"]
[Result "1-0"]
[Round "6.16"]
[WhiteElo "1889"]
[BlackElo "1747"]
[PlyCount "300"]
[Date "2024.06.10"]
[Time "18:30:00"]
[WhiteTeam "SV 1920 Hofheim"]
[BlackTeam "SC 1910 Höchst"]

1. d4 b6 2. e4 Bb7 3. Nc3 e6 4. a3 d6 5. Nf3 Nd7 6. Bd3 g6 7. O-O Bg7 8. Be3 Ne7 
9. Qd2 h6 10. Rac1 a6 11. b4 Kf8 12. Ne2 Kg8 13. c4 c5 14. d5 e5 15. Ng3 Kh7 16. 
h4 Nf6 17. Nh2 Nfg8 18. f4 f6 19. fxe5 fxe5 20. Rf7 Qe8 21. Rcf1 Nf6 22. R1xf6  1-0

[Event "ch-Frankfurt A"]
[White "Shanawaz Thabrez, Shahzaib"]
[Black "Lenhard, Martin"]
[Site "Frankfurt"]
[Result "0-1"]
[Round "6.17"]
[WhiteElo "1761"]
[BlackElo "2004"]
[PlyCount "300"]
[Date "2024.06.10"]
[Time "18:30:00"]
[WhiteTeam "SK Langen"]
[BlackTeam "SV 1920 Hofheim"]

1. e4 e6 2. d4 d5 3. e5 c5 4. c3 Nc6 5. Nf3 Qb6 6. Be2 cxd4 7. cxd4 Nge7 8. O-O Nf5 
9. Be3 Qxb2 10. Nbd2 Nfxd4 11. Nxd4 Nxd4 12. Bxd4 Qxd4 13. Bb5+ Bd7 14. Bxd7+ Kxd7 
15. Qb3 Qb4 16. Qd3 Qa4 17. Rab1 b6 18. Qf3 Ke8 19. Rfc1 Qd7 20. Nc4 Rc8 21. Nd6+ 
Bxd6 22. exd6 f6 23. Qg3 Kf7 24. Qa3 Rhd8 25. g3 Rxc1+ 26. Rxc1 Qxd6 27. Qxa7+ Rd7 
28. Qa8 Rc7 29. Re1 Qb4 30. Re2 Qb5 31. Re3 Rc1+ 32. Kg2 Qf1+ 33. Kf3 Qh1+ 34. Kg4 
Rc4+ 35. f4 h5+ 36. Kh3 Qf1+ 37. Kh4 g5+  0-1

[Event "ch-Frankfurt A"]
[White "Hochmuth, Christian"]
[Black "Bittner, Peter"]
[Site "Frankfurt"]
[Result "1-0"]
[Round "6.18"]
[WhiteElo "1996"]
[BlackElo "1892"]
[PlyCount "300"]
[Date "2024.06.10"]
[Time "18:30:00"]
[WhiteTeam "Schachdrachen Büdingen-Wächtersb"]
[BlackTeam "SC 1961 König Nied"]

1. d4 Nf6 2. c4 e6 3. Nf3 d5 4. Nc3 Nbd7 5. Bf4 c6 6. e3 Bb4 7. a3 Ba5 8. b4 Bc7 
9. Bg5 O-O 10. cxd5 exd5 11. Bd3 h6 12. Bh4 Re8 13. Qc2 Bd6 14. O-O Nf8 15. b5 Bg4 
16. bxc6 bxc6 17. Na4 Bxf3 18. gxf3 Qc7 19. Bg3 Ne6 20. Rfc1 Ng5 21. Kg2 Bxg3 22. 
hxg3 Qc8 23. Bf5 Ne6 24. Bh3 Qa6 25. Qxc6 Qxc6 26. Rxc6 Rab8 27. Ra6 Re7 28. Bxe6 
fxe6 29. Rc1 Kf7 30. Rcc6 Nh7 31. Nc5 Nf8 32. Rd6 Rb1 33. Rd8 Rb6 34. Rd6 Rxd6 35. 
Rxd6 Rc7 36. Rd8 Ke7 37. Rxf8 Rxc5 38. dxc5 Kxf8 39. Kf1 Ke7 40. Ke2 h5 41. f4 Kd7 
42. Kd3 e5 43. fxe5 g5 44. f4 h4 45. gxh4 gxh4 46. Ke2 Kc6 47. e6  1-0

[Event "ch-Frankfurt A"]
[White "Tews, Artur"]
[Black "Diehl, Felix"]
[Site "Frankfurt"]
[Result "0-1"]
[Round "6.19"]
[WhiteElo "1672"]
[BlackElo "1867"]
[PlyCount "300"]
[Date "2024.06.10"]
[Time "18:30:00"]
[WhiteTeam "SK 1959 Bischofsheim"]
[BlackTeam "SC Matt im Park Ffm"]

1. c4 e5 2. Nc3 Nf6 3. e4 Nc6 4. d3 Bb4 5. h3 O-O 6. a3 Be7 7. g3 Nd4 8. Bg2 c6 9. 
Nge2 Nxe2 10. Qxe2 d6 11. O-O Ne8 12. f4 f5 13. exf5 Bxf5 14. g4 Bg6 15. f5 Bf7 
16. Be3 Bf6 17. Ne4 d5 18. Nxf6+ Nxf6 19. Bg5 Re8 20. h4 h6 21. Bxf6 Qxf6 22. cxd5 
cxd5 23. Qf2 Re7 24. Rac1 b6 25. Qg3 e4 26. dxe4 dxe4 27. g5 hxg5 28. hxg5 Qd4+ 
29. Kh1 g6 30. f6 Qe5 31. Qh4 Rd7 32. Rce1 Bd5 33. Qf4 Rh7+ 34. Kg1 Qd4+ 35. Re3 
Re8 36. Rfe1 Re5 37. Rc1 Rd7 38. Rc8+ Kf7 39. Rh8 Rf5 40. Qg3 Rf3 41. Rh7+ Kg8  0-1

[Event "ch-Frankfurt A"]
[White "Münstermann, Matthias"]
[Black "Schweitzer, Stefan"]
[Site "Frankfurt"]
[Result "0-1"]
[Round "6.21"]
[WhiteElo "1787"]
[BlackElo "1833"]
[PlyCount "300"]
[Date "2024.06.10"]
[Time "18:30:00"]
[WhiteTeam "SK Langen"]
[BlackTeam "SF Frankfurt 1921"]

1. d4 g6 2. c4 Bg7 3. Nc3 d6 4. e4 Nc6 5. Nf3 Bg4 6. Be3 Bxf3 7. gxf3 e5 8. Ne2 exd4 
9. Nxd4 Nge7 10. Bg2 O-O 11. O-O f5 12. Ne6 Qd7 13. Nxf8 Rxf8 14. c5 f4 15. Bc1 
d5 16. Rb1 Ne5 17. Qb3 c6 18. Rd1 Kh8 19. Bd2 Qc7 20. Bc3 dxe4 21. fxe4 f3 22. Bh3 
g5 23. Rd6 g4 24. Bf1 N7g6 25. Rbd1 Qe7 26. Qe6 Qh4 27. Rd7 Nf4 28. Qe7 Qxe7 29. 
Rxe7 Ne2+ 30. Bxe2 fxe2 31. Re1 Nf3+ 32. Kg2 Bxc3  0-1

[Event "ch-Frankfurt A"]
[White "Ghaznavi, Massoud"]
[Black "Raumanns, Niklas"]
[Site "Frankfurt"]
[Result "0-1"]
[Round "6.22"]
[WhiteElo "1722"]
[BlackElo "1844"]
[PlyCount "300"]
[Date "2024.06.10"]
[Time "18:30:00"]
[WhiteTeam "SV Oberursel"]
[BlackTeam "SC Bergen-Enkheim 1922"]

1. d4 Nf6 2. c4 e5 3. d5 Bb4+ 4. Bd2 Bxd2+ 5. Nxd2 d6 6. e4 O-O 7. Be2 Ne8 8. Bf3 
f5 9. Qc2 fxe4 10. Bxe4 Nf6 11. Ngf3 Nxe4 12. Nxe4 Bf5 13. O-O Nd7 14. b4 a5 15. 
a3 Nf6 16. Nfd2 Nxe4 17. Nxe4 Qh4 18. f3 Kh8 19. b5 b6 20. Qe2 h6 21. a4 Qe7 22. 
Ra3 Rf7 23. Ng3 Bg6 24. Re3 Rf4 25. Rf2 Raf8 26. Nf1 Qd7 27. Nd2 Bh7 28. g3 R4f7 
29. Qd1 g5 30. g4 Rf4 31. h3 Qf7 32. Qb3 Kg7 33. Qc3 Kg8 34. Kg2 Bg6 35. Rf1 Qh7 
36. c5 dxc5 37. Rxe5 Qg7 38. Rfe1 Rxa4 39. Qe3 Raf4 40. Re7 R4f7 41. Qe6 Kh7 42. 
Re5 Rxe7 43. Qxe7 Qxe7 44. Rxe7+ Rf7 45. Re5 Bd3 46. Re6 Bxb5 47. Ne4 Kg7 48. d6 
Bd7 49. Re5 c6 50. Kg3 c4 51. Kf2 Rf8 52. Re7+ Rf7 53. Re5 Kg6 54. Ke3 c5 55. Nc3 
Rf6 56. Rd5 Kf7 57. Ne4 Re6 58. Kd2 Ke8 59. Rf5 Bc6 60. Nf6+ Kd8 61. Kc3 Rxd6 62. 
Kxc4 Rd4+ 63. Kc3 Rf4  0-1

[Event "ch-Frankfurt A"]
[White "Sonntag, Chris"]
[Black "Trierweiler, Joachim"]
[Site "Frankfurt"]
[Result "0-1"]
[Round "6.23"]
[WhiteElo "1285"]
[BlackElo "1875"]
[PlyCount "300"]
[Date "2024.06.10"]
[Time "18:30:00"]
[WhiteTeam "SK 1959 Bischofsheim"]
[BlackTeam "Vorw.Orient Mainz"]

1. f4 Nf6 2. Nf3 d6 3. g3 g6 4. Bg2 Bg7 5. O-O O-O 6. d3 c6 7. e4 e5 8. fxe5 dxe5 
9. Be3 Ng4 10. Qd2 Nxe3 11. Qxe3 Nd7 12. Nbd2 Qe7 13. c3 Nf6 14. Nb3 Ng4 15. Qc5 
Qc7 16. Rae1 b6 17. Qb4 a5 18. Qa3 Rd8 19. Nc1 Bh6 20. d4 Ne3 21. Nxe5 Nxf1 22. 
Rxf1 Be6 23. Qa4 b5 24. Qc2 c5 25. Qf2 cxd4 26. cxd4 Bxc1 27. d5 Qxe5 28. dxe6 Qxe6 
29. Rxc1 Rac8 30. Rf1 Rc7 31. Qf4 Rc2 32. Bh3 Qxa2 33. e5 Rxb2 34. e6 f5 35. Qg5 
Re8 36. g4 Qxe6 37. gxf5 Qe3+ 38. Qxe3 Rxe3 39. f6 Rxh3  0-1

[Event "ch-Frankfurt A"]
[White "Ottenburg, Ralph"]
[Black "Grinberg, Igor"]
[Site "Frankfurt"]
[Result "1-0"]
[Round "6.24"]
[WhiteElo "1962"]
[BlackElo "1600"]
[PlyCount "300"]
[Date "2024.06.10"]
[Time "18:30:00"]
[WhiteTeam "Sabt Frankfurter TV 1860"]
[BlackTeam "SAbt TuS Makkabi Ffm"]

1. Nf3 Nf6 2. g3 d5 3. Bg2 c6 4. O-O Bf5 5. b3 e6 6. Bb2 Nbd7 7. c4 Be7 8. d3 h6 
9. Nbd2 O-O 10. Re1 a5 11. a3 Qb6 12. e4 Bh7 13. e5 Ne8 14. d4 Qd8 15. Bf1 Nc7 16. 
c5 f6 17. exf6 Bxf6 18. b4 axb4 19. axb4 Rxa1 20. Qxa1 Qa8 21. Ne5 Qxa1 22. Rxa1 
Bxe5 23. dxe5 Ra8 24. Rxa8+ Nxa8 25. Nb3 b6 26. Ba6 bxc5 27. Nxc5 Nxc5 28. bxc5 
Nc7 29. Bb7 Kf7 30. Bxc6 Kg6 31. Ba4 Kf7 32. f4 Bd3 33. Kf2 h5 34. Ke3 Be4 35. Ba3 
Kg6 36. c6 Kf5 37. Bd6 Na8 38. c7 Nb6 39. Bb5 Kg4 40. Bc5  1-0

[Event "ch-Frankfurt A"]
[White "Winter, Olaf"]
[Black "Philipp, Nils"]
[Site "Frankfurt"]
[Result "1/2-1/2"]
[Round "6.25"]
[WhiteElo "1639"]
[BlackElo "1907"]
[PlyCount "300"]
[Date "2024.06.10"]
[Time "18:30:00"]
[WhiteTeam "SV Tübingen 1870 e.V."]
[BlackTeam "Sabt Frankfurter TV 1860"]

1. c4 c5 2. Nc3 g6 3. g3 Bg7 4. Bg2 Nc6 5. e3 e5 6. a3 a5 7. Nge2 Nge7 8. Nb5 d6 
9. Nec3 Be6 10. Ne4 Nc8 11. b3 f5 12. Nec3 O-O 13. d3 N8e7 14. e4 f4 15. Nd5 Bc8 
16. Rb1 Nxd5 17. cxd5 Ne7 18. Bd2 Qd7 19. a4 b6 20. Qe2 Ba6 21. Na3 Rf7 22. Bf3 
Bc8 23. g4 g5 24. Nc4 Qc7 25. h4 h6 26. hxg5 hxg5 27. Rh5 Bf6 28. Qf1 Ng6 29. Bc3 
Qd8 30. Be2 Raa7 31. f3 Rh7 32. Rxh7 Rxh7 33. Kd2 Ba6 34. Qf2 Qc7 35. Rg1 Bd8 36. 
Rg2  1/2-1/2

[Event "ch-Frankfurt A"]
[White "Rauscher, Joachim"]
[Black "Held, Bernhard"]
[Site "Frankfurt"]
[Result "1/2-1/2"]
[Round "6.26"]
[WhiteElo "1798"]
[BlackElo "1899"]
[PlyCount "300"]
[Date "2024.06.10"]
[Time "18:30:00"]
[WhiteTeam "SC Brett vorm Kopp Ffm"]
[BlackTeam "SK 1908 Göggingen"]

1. e4 c5 2. Nf3 Nc6 3. d4 cxd4 4. Nxd4 Nf6 5. Nc3 e5 6. Nxc6 bxc6 7. Bc4 Bb4 8. O-O 
d6 9. f3 Be6 10. Bb3 O-O 11. Qe2 Qc7 12. Bg5 Nh5 13. Rad1 h6 14. Bc1 Rad8 15. Kh1 
Qe7 16. Qf2 Bc5 17. Be3 Bxe3 18. Qxe3 Rd7 19. Rd2 Rfd8 20. Rfd1 Nf6 21. Ba4 Rc7 
22. Bb3 Rcd7 23. Ba4  1/2-1/2

[Event "ch-Frankfurt A"]
[White "Schulze, Manfred"]
[Black "Hofmann-Weippert, Matthias"]
[Site "Frankfurt"]
[Result "1-0"]
[Round "6.28"]
[WhiteElo "1887"]
[BlackElo "1526"]
[PlyCount "300"]
[Date "2024.06.10"]
[Time "18:30:00"]
[WhiteTeam "SC Steinbach"]
[BlackTeam "Sfr.Mainz 1928"]

1. e4 e5 2. Bc4 Bc5 3. Nf3 d6 4. c3 h6 5. Qb3 Qf6 6. d3 Ne7 7. Be3 Bb6 8. Nbd2 Nbc6 
9. Bb5 O-O 10. O-O-O Be6 11. Qc2 d5 12. exd5 Nxd5 13. Ne4 Qf5 14. Qe2 Nf4 15. Bxf4 
exf4 16. d4 Bd5 17. Rhe1 a6 18. Bd3 Rfe8 19. Nf6+  1-0

[Event "ch-Frankfurt A"]
[White "Kuckel, Michael, Dr."]
[Black "Erbach, Jürgen"]
[Site "Frankfurt"]
[Result "0-1"]
[Round "6.30"]
[WhiteElo "1720"]
[BlackElo "1590"]
[PlyCount "300"]
[Date "2024.06.10"]
[Time "18:30:00"]
[WhiteTeam "SC Matt im Park Ffm"]
[BlackTeam "Sfr.1932 Kelkheim"]

1. d4 Nf6 2. Nf3 g6 3. c4 Bg7 4. g3 d5 5. Nbd2 c6 6. Bg2 Bf5 7. Qb3 Qb6 8. O-O dxc4 
9. Qxc4 O-O 10. Ne5 Be6 11. Qa4 Rd8 12. Ndf3 Qa6 13. Qxa6 Nxa6 14. b3 Nc7 15. Ba3 
Ncd5 16. Ng5 h6 17. Nxe6 fxe6 18. Nxg6 Bf8 19. Bh3 Nc7 20. Bc5 Ne4 21. Nxf8 Kxf8 
22. Rfd1 Kf7 23. a4 Nxc5 24. dxc5 Na6 25. Rdc1 Rd5 26. Rc3 Re5 27. Rd1 Nxc5 28. 
f4 Ne4 29. Re3 Rd5 30. Rc1 Rd4 31. Bxe6+ Kxe6 32. Kg2 Kf6 33. g4 Rad8 34. h4 e5 
35. fxe5+ Kxe5 36. Rf1 Kd6 37. Rf4 Re8 38. Rf5 Re5 39. Rf7 Nd2 40. Rxe5 Kxe5 41. 
Kg3 Ne4+ 42. Kf3 Nf6 43. Rxb7 Rxg4 44. Rxa7 Rxh4 45. a5 Rb4 46. Re7+ Kd6 47. Re3 
Rb5 48. Rd3+ Ke5 49. b4 Rxb4 50. Ra3 Kd6 51. a6 Rb8 52. a7 Ra8 53. e4 Nd7 54. Kf4 
Kc7 55. e5 Nf8 56. Kf5 Kb7 57. Rh3 Kxa7 58. Rxh6 Kb6 59. e6 Nxe6 60. Rxe6 Ra5+ 61. 
Ke4 Rd5 62. Re8 Kc5 63. Rb8 Kc4 64. Rb1 Rd4+ 65. Ke3 c5 66. Rc1+ Kd5 67. Ra1 Kc6 
68. Rb1 Kd5 69. Rc1 c4 70. Ra1 Rd3+ 71. Ke2 Kc5 72. Rb1 Kd4 73. Rb8 Kc3 74. Rb7 
Rd2+ 75. Ke3 Kc2 76. Rb4 c3 77. Rb7 Kc1 78. Rb6 c2 79. Rh6 Rd1 80. Rb6 Re1+ 81. 
Kf2 Re7 82. Kf1 Kd2 83. Rd6+ Kc3 84. Rc6+ Kb2 85. Rb6+ Kc1 86. Rb8 Rd7 87. Ke2 Rd2+ 
88. Ke1 Rh2 89. Rb7 Rh1+ 90. Ke2 Rh2+ 91. Ke1 Rh6 92. Ke2 Re6+ 93. Kf1 Ra6 94. Ke2 
Ra2 95. Rb6 Rb2 96. Rg6 Kb1 97. Rg1+ c1Q+  0-1